000 00698nam a2200265Ia 4500
005 20260121170835.0
008 008 260114s9999 xx 000 0 eng d
020 _a9783030013769
037 _aEBOOK
040 _aCRL
040 _beng
040 _cCRL
041 _2eng
041 _aeng
084 _qCRL
100 _aVictor G. Kac, Peter J. Olver, Pavel Winternitz, Teoman Özer
_91068826
245 0 _aSymmetries, Differential Equations and Applications
260 _bSpringer
260 _bSpringer
260 _c2018
856 _uhttps://link.springer.com/openurl?genre=book&isbn=978-3-030-01376-9
942 _cEBOOK
999 _c1634556
_d1634556